Reaction Time: Multiple Choice Edition Quiz Stats

 Plays Quiz Updated Oct 2, 2016

Challenge
Share
Tweet
Embed
Score 0/25 Timer 00:30
2 Plays Today
Question Answer Wrong Answers
Watch the screen, and click the button that differs from the previous question. ???
100%
???
0%
???
0%
???
0%
Watch the screen, and click the button that differs from the previous question. ???
71.3%
???
12%
???
8.6%
???
5.8%
Watch the screen, and click the button that differs from the previous question. ???
56.9%
???
7.9%
???
3%
???
2.6%
Watch the screen, and click the button that differs from the previous question. ???
54.3%
???
0.6%
???
0.6%
???
1%
Watch the screen, and click the button that differs from the previous question. ???
52.3%
???
0.4%
???
0.2%
???
1%
Watch the screen, and click the button that differs from the previous question. ???
51.4%
???
0.2%
???
0.2%
???
0.3%
Watch the screen, and click the button that differs from the previous question. ???
49.8%
???
0.4%
???
0.2%
???
0.6%
Watch the screen, and click the button that differs from the previous question. ???
48.8%
???
0.2%
???
0.2%
???
0.2%
Watch the screen, and click the button that differs from the previous question. ???
38.5%
???
4.8%
???
1.4%
???
3.2%
Watch the screen, and click the button that differs from the previous question. ???
37.2%
???
0.2%
???
0.4%
???
0.2%
Watch the screen, and click the button that differs from the previous question. ???
35.8%
???
0.4%
???
0.1%
???
0.1%
Watch the screen, and click the button that differs from the previous question. ???
34.4%
???
0.1%
???
0.1%
???
0.3%
Watch the screen, and click the button that differs from the previous question. ???
28.2%
???
1.2%
???
1.9%
???
1.5%
Watch the screen, and click the button that differs from the previous question. ???
26.6%
???
0.2%
???
0.1%
???
0%
Watch the screen, and click the button that differs from the previous question. ???
25%
???
0.2%
???
0%
???
0%
Watch the screen, and click the button that differs from the previous question. ???
23.2%
???
0%
???
0%
???
0.1%
Watch the screen, and click the button that differs from the previous question. ???
19.6%
???
0.4%
???
0.4%
???
0.4%
Watch the screen, and click the button that differs from the previous question. ???
16.9%
???
0.2%
???
0.1%
???
0.2%
Watch the screen, and click the button that differs from the previous question. ???
14.7%
???
0%
???
0%
???
0.1%
Watch the screen, and click the button that differs from the previous question. ???
12.5%
???
0.1%
???
0%
???
0%
Watch the screen, and click the button that differs from the previous question. ???
10%
???
0%
???
0.1%
???
0%
Watch the screen, and click the button that differs from the previous question. ???
7.8%
???
0%
???
0%
???
0%
Watch the screen, and click the button that differs from the previous question. ???
5.7%
???
0%
???
0%
???
0.1%
Watch the screen, and click the button that differs from the previous question. ???
3.7%
???
0%
???
0%
???
0%
Watch the screen, and click the button that differs from the previous question. ???
1.7%
???
0%
???
0%
???
0%

You're not logged in!

Compare scores with friends on all Sporcle quizzes.
OR
Log In

You Might Also Like...

Show Comments

Extras

Top Quizzes Today


Score Distribution

Your Account Isn't Verified!

In order to create a playlist on Sporcle, you need to verify the email address you used during registration. Go to your Sporcle Settings to finish the process.

Report this User

Report this user for behavior that violates our Community Guidelines.

Details: